000 00748nam a22002177a 4500
003 UA-OsUOA
001 100440
007 ta
008 20130528b un ||||| |||| 00| 0 ukr d
100 _aФеніна Н.
090 _a81
_bФ42
942 _cSA
040 _aUA-OsUOA
_bukr
_cUA-OsUOA
_dUA-OsUOA
245 _aФормування мовної культури учнів у процесі викладання рідної мови і літератури
300 _aС.34
955 _a0
041 _aukr
080 _a81
773 0 _w100436
_tУкраїнська мова та література
_dК.
_d2013
_g9
650 7 _a8 Мовознавство. Художня література. Літературознавство
_2UDC
999 _c387067
_d387067